Les Capitales de l'Europe-Mort Subite-The Content Update - Statistiques

Statistiques générales
  • Ce quiz a été pris 235 fois
  • Le résultat moyen est 7 sur 8
Answers on the Grid
Answers color-coded by a green-red scale on the quiz's grid according to % correct below.
Talinn
Zurich
Berne
Milan
Copenhague
Marseille
Riga
Saint-Petersbourg
Helsinki
Istanbul
Madrid
Bratislava
Lisbonne
Liverpool
 
Statistiques - réponses
Réponse % Correct
Helsinki
92%
Copenhague
91%
Lisbonne
91%
Madrid
90%
Berne
88%
Talinn
85%
Bratislava
84%
Riga
84%
Aucun quiz correspondant
Distribution des résultats
% des personnes avec chaque résultat
Percentile par nombre de réponses
Votre historique - résultats
Vous n’avez pas pris ce quiz